Finanzas públicas ; terceras jornadas.

Bibliographic Details
Corporate Author: Córdoba. Argentina. Universidad. Facultad de Ciencias Económicas
Format: Book
Language:Spanish
Published: Buenos Aires : Ediciones Macchi, 1971.
Subjects:

MARC

Tag First Indicator Second Indicator Subfields
LEADER 00000cam a2200000K 4500
001 in00001664591
005 20151024121552.0
008 911109s1971 ag a 000 0 spa d
035 |a (OCoLC)ocm24733859 
040 |a WIX  |c WIX  |d TXA  |d UtOrBLW 
049 |a TXAM 
090 |a HJ905  |b .C67 
110 1 |a Córdoba.  |b Argentina.  |b Universidad.  |b Facultad de Ciencias Económicas. 
245 1 0 |a Finanzas públicas ;  |b terceras jornadas. 
264 1 |a Buenos Aires :  |b Ediciones Macchi,  |c 1971. 
300 |a 547 pages :  |b graphs, tables. ;  |c 23 cm. 
336 |a text  |b txt  |2 rdacontent 
337 |a unmediated  |b n  |2 rdamedia 
338 |a volume  |b nc  |2 rdacarrier 
500 |a Trabajos presentados en las Terceras Jornadas de Finanzas Públicas, Córdoba, 1970. 
500 |a Cover title: Terceras jornadas de finanzas públicas. 
650 0 |a Finance, Public  |z Argentina. 
650 0 |a Taxation  |z Argentina. 
740 0 |a Terceras jornadas de finanzas públicas. 
948 |a cataloged  |b h  |c 2002/3/6  |d c  |e cmulkey  |f 1:53:52 pm 
994 |a E0  |b TXA 
999 |a MARS 
999 f f |s 4f40208d-905a-3685-ac7b-2facd7c8000c  |i fead8f7c-600c-3a58-912e-dc61950b71e5  |t 0 
952 f f |p ric  |a Texas A&M University  |b Rellis Campus  |c Joint Library Facility  |d Remote Storage  |t 0  |e HJ905 .C67  |h Library of Congress classification  |i unmediated -- volume  |m A14828691961 
998 f f |a HJ905 .C67  |t 0  |l Remote Storage